Études Mésopotamiennes – Mesopotamian Studies: N°2 – 2022

محفوظ في:

المؤلف الرئيسي: Lionel Marti

التنسيق: كتاب

اللغة: Undetermined

الوصول للمادة أونلاين: Login to view Source

الوسوم: إضافة وسم

لا توجد وسوم, كن أول من يضع وسما على هذه التسجيلة!

رقم الطلب:

LEADER 00461nmm a2200133Ia 4500
008 240716s9999||||xx |||||||||||||||||und||
020 |a 9781803273723 
020 |a 9781803273730 
100 |a Lionel Marti 
245 1 0 |a Études Mésopotamiennes – Mesopotamian Studies: N°2 – 2022  |c Lionel Marti 
264 |b Archaeopress Archaeology  |c 23-فبراير-23 
856 4 0 |u http://library.arce.org:8087/Archaeopress/Products/9781803273723 
942 |2 lcc  |c EBOOK 
999 |c 59033  |d 59033